How to understand your Bible. (Record no. 3335)

000 -LEADER
fixed length control field 00699nam a2200205 a 4500
001 - CONTROL NUMBER
control field :::00001065$&:&@@
003 - CONTROL NUMBER IDENTIFIER
control field OkBaRHE
005 - DATE AND TIME OF LATEST TRANSACTION
control field 20000607103241.0
008 - FIXED-LENGTH DATA ELEMENTS--GENERAL INFORMATION
fixed length control field s1974 j 000 0 eng u
040 ## - CATALOGING SOURCE
Transcribing agency
100 1# - MAIN ENTRY--PERSONAL NAME
Personal name Sterrett, T. Norton.
245 10 - TITLE STATEMENT
Title How to understand your Bible.
250 ## - EDITION STATEMENT
Edition statement Rev. ed.
260 ## - PUBLICATION, DISTRIBUTION, ETC. (IMPRINT)
Place of publication, distribution, etc Downers Grove, IL., :
Name of publisher, distributor, etc InterVarsity Press
Date of publication, distribution, etc c1974
300 ## - PHYSICAL DESCRIPTION
Extent 179 p. ;
Dimensions 21 cm.
650 ## - SUBJECT ADDED ENTRY--TOPICAL TERM
Topical term or geographic name as entry element Bible
General subdivision Criticism, Interpretation, etc.
942 ## - ADDED ENTRY ELEMENTS (KOHA)
Source of classification or shelving scheme
Koha item type Books
Copies
Barcode Date last seen Damaged status Koha item type Not for loan Price effective from Full call number Permanent Location Copy number Lost status Date acquired Shelving location Withdrawn status Source of classification or shelving scheme
10652010-04-14 Books 2010-04-14BS 511.2 .S83RHEMA Bible Training College1 2010-04-14General Stacks  
160732010-04-14 Books 2010-04-14BS 511.2 .S83RHEMA Bible Training College2 2010-04-14General Stacks